000 01240nam a2200265 a 4500
001 000044642
005 20250207101102.0
008 141210s2014 dr ac 000 0 spa d
020 _a9789945166316
040 _aDO-SdBNP
_bspa
_cBNPHU
082 _a972.93052
_bT266g
100 1 _aTejera, Eduardo J
_b1947-
_910749
245 1 0 _aGobierno de Horacio Vásquez 1924-1930 :
_bdemocracia y desarrollo /
_cEduardo J. Tejera ; edición Luis Cunillera.
260 _aSanto Domingo :
_bBúho,
_c2014.
300 _a298 p. :
_bil., retrs. ;
_c23 cm.
500 _aIncluye referencias bibliográficas y notas al pie de las páginas
500 _aIncluye datos biográficos del autor en las solapas
500 _aIncluye índice onomástico
504 _aBibliografía : p. 277-288
505 0 _aSíntesis histórica --
_tGobierno de Horacio Vásquez --
_tPolítica económica y de desarollo --
_tReforma constitucional y reelección: hacia el desastre --
_tElecciones, traiciones y golpe de estado --
_tVásquez; legado y balance de una vida.
600 1 4 _aVÁSQUEZ, HORACIO
_d1860-1936
_940202
651 4 _aRepública Dominicana
_xHistoria
_y1924-1930
_952895
700 1 2 _aCunillera, Luis
_eed.
_972660
910 _aValidado. Control de calidad MFF
999 _c44131
_d44131